000 00792nam a2200265 a 4500
001 59064
003 BD-RjUL
005 20211209080705.0
008 161220s19751970enk b 001 0 eng
020 _a0273314793
035 _a(BD-RjUL)59188
040 _cBD-RjUL
_dBD-RjUL
_beng
_aBD-RjUL
041 _aeng
082 0 0 _a338
_223
_bBEE 1975
100 1 _aBeacham, A.
_q(Arthur)
_9175658
245 1 0 _aEconomics of industrial organization /
_cA. Beacham and N. J. Cunningham
250 _a5th ed.
260 _aLondon :
_bPitman,
_cc1970 [reprinted 1975]
300 _axi, 300 p.
_c23 cm.
500 _aIncludes index
650 0 _aIndustrial organization (Economic theory)
_9174440
700 1 _aCunningham, N. J.,
_ejoint author.
_9175659
942 _2ddc
_cBK
999 _c59064
_d59064